00356nam a2200121Ia 4500008004100000041000800041082001200049100002100061245007000082260004600152300001900198999001700217241015s9999 xx 000 0 und d aeng a909 SAC aJeffrey D. Sachs aThe Ages of Globalization :Geography, Technology, and Institution bColumbia University PressaNew Yorkc2020 a260;. P. 23 cm c41941d41941